| 000 | 00540nam a2200193Ia 4500 | ||
|---|---|---|---|
| 003 | LK-CoDNM | ||
| 008 | 010623t1974 xxu||||| |||| 00| 1 sin d | ||
| 040 |
_aLK-CoDNM _dLK-CoDNM _eLK-CoDNM |
||
| 041 | _asin | ||
| 080 | _a(x) 79 KUL | ||
| 100 | _aKulatilake, C.De S. | ||
| 245 | _aලංකාවේ සංගීත සමිභවය | ||
| 246 | _aLankawe sangeetha sambhwaya | ||
| 260 |
_bLake house investment Company Ltd _aColombo _c1974 |
||
| 300 | _b(xvi)215, 20.5 cm | ||
| 650 | _aLiterature | ||
| 650 | _aMusic | ||
| 942 | _cBK | ||
| 999 |
_c109452 _d109452 |
||